header

Fast facts (Record no. 129843)

MARC details
000 -LEADER
fixed length control field 01335nam a2200361 a 4500
100 1# - MAIN ENTRY--AUTHOR NAME
Personal name Slack, Alex.
245 10 - TITLE STATEMENT
Title Fast facts
250 ## - EDITION STATEMENT
Edition statement 2nd ed.
260 ## - PUBLICATION, DISTRIBUTION, ETC. (IMPRINT)
Place of publication Abingdon, Oxford :
Name of publisher Health Press,
Year of publication 2011.
300 ## - PHYSICAL DESCRIPTION
Number of Pages 125 p. :
Other physical details ill. (chiefly col.), col. ports.
490 1# - SERIES STATEMENT
Series statement Fast facts
650 #0 - SUBJECT ADDED ENTRY--TOPICAL TERM
Topical Term Urinary incontinence.
Topical Term Urinary organs
700 1# - ADDED ENTRY--PERSONAL NAME
Personal name Newman, Diane K.
Personal name Wein, Alan J.
856 40 - ELECTRONIC LOCATION AND ACCESS
Uniform Resource Identifier http://site.ebrary.com/lib/rucke/Doc?id=10494006

No items available.

© 2026 Rongo University
Contact us: librarian | system librarian | Rongo university